Sports Quiz

Random Sports or Decade Quiz
Score 0/76 Timer 10:00
11 Plays Today
Player % Correct
LeBron James
99%
Kobe Bryant
96.1%
Kobe Bryant
95.6%
Michael Jordan
95.5%
Kevin Durant
92%
Magic Johnson
90.7%
Shaquille O'Neal
90.4%
Shaquille O'Neal
90.1%
Larry Bird
88.5%
Dwyane Wade
86.1%
Tim Duncan
85.9%
Russell Westbrook
82.9%
Kareem Abdul-Jabbar
81.6%
Kareem Abdul-Jabbar
81.6%
Wilt Chamberlain
81.4%
Scottie Pippen
81.1%
Karl Malone
80.7%
Moses Malone
80.5%
James Harden
78.6%
Bill Russell
78.3%
Kevin Garnett
77.6%
Allen Iverson
76.2%
Jerry West
75%
Jerry West
74.8%
John Stockton
74.7%
Hakeem Olajuwon
73%
Dirk Nowitzki
72.4%
Carmelo Anthony
71.1%
David Robinson
70.5%
Chris Paul
70.5%
Paul Pierce
69.5%
Patrick Ewing
69.1%
Charles Barkley
68.3%
Isiah Thomas
66.9%
Chris Bosh
64.5%
Ray Allen
63.6%
Julius Erving
63.1%
Vince Carter
62.2%
Player % Correct
Tracy McGrady
61.5%
Jason Kidd
61.4%
Bob Cousy
60.8%
Oscar Robertson
60.3%
Clyde Drexler
57.7%
John Havlicek
53.2%
Elgin Baylor
50.3%
Bob Pettit
47.7%
Yao Ming
46.3%
Robert Parish
45.8%
George Gervin
42%
Joe Dumars
37.6%
Elvin Hayes
37.1%
Walt Frazier
37%
Rick Barry
35.6%
Alex English
35.3%
LaMarcus Aldridge
32%
Dave Cowens
27.4%
Dolph Schayes
25.4%
Adrian Dantley
24.6%
Lenny Wilkens
21.5%
Jo Jo White
20.5%
Paul Arizin
19.1%
Dave Bing
18.5%
Jerry Lucas
18.3%
Bob Lanier
18.1%
Hal Greer
17.6%
Bill Sharman
15%
Dave DeBusschere
12.3%
Jack Sikma
10%
Slater Martin
8.5%
Neil Johnston
7.5%
Ed Macauley
6.6%
Vern Mikkelsen
5.9%
Bailey Howell
4.2%
Larry Foust
2.8%
Harry Gallatin
2.7%
Dick McGuire
2.1%
Remove Ads.
Support Sporcle.
Get the best of Sporcle when you Go Orange. This ad-free experience offers more features, more stats, and more fun while also helping to support Sporcle. Thank you for becoming a member.

You're not logged in!

Compare scores with friends on all Sporcle quizzes.
OR
Log In

Sporcle TV

Today on Sporcle TV


Watch our educational content, quiz creation guides, and fun videos on Sporcle TV.

Show Comments

Extras

Top Quizzes Today


Score Distribution

Paid Content

Your Account Isn't Verified!

In order to create a playlist on Sporcle, you need to verify the email address you used during registration. Go to your Sporcle Settings to finish the process.

Report this User

Report this user for behavior that violates our Community Guidelines.

Details: